000 00619nam a2200193Ia 4500
003 LDD
008 190117s9999 xx 000 0 und d
020 _a8170554128
_c₹125
040 _cLDD
041 _ahi
082 _a8u4.7 मु7466
100 _aराजकिशोर
245 0 _aमुसलमान क्या सोचते है?
_cराजकिशोर
260 _aनई दिल्ली
_bवाणी
_c1995
300 _a143
901 _aVANI
904 _aReqst by : विमल खांडेकर
942 _2ddc
_cH
999 _c168295
_d168295